000 01037cam a2200205 4500
001 X117247
008 020327n2002 000 0 eng u
035 _a(Sirsi) u117247
245 _aBhattacharjee v Blackburn with Darwen BC
260 _c2002
490 _aRating and Valuation Reporter
_v{2002} RVR 55-61(7)
520 _aLT 26 January 2000. ACQ/10/1999. Claim for compulsory purchase statute-barred due to 6 year limitation period provided by the Compulsory Purchase (Vesting Declarations) Act 1981 s10(3). Full copy of judgement available http://www.courtservice.gov.uk/tribunals/lands/decisions/dec-acq-10-99.htm
650 _aBHATTACHARJEE V BLACKBURN WITH DARWEN BC
650 _aCOMPULSORY PURCHASE (VESTING DECLARATIONS) ACT 1981 S10(3)
650 _aDISTURBANCE
650 _aCOMPENSATION LIMIT
690 _aENVIRONMENTAL AND LAND CONSULTANCY-PLANNING AND DEVELOPMENT-COMPULSORY PURCHASE AND COMPENSATION
856 _uhttps://www.courtservice.gov.uk/tribunals/lands/decisions/dec-acq-10-99.htm
942 _n0
999 _c69845
_d69845